Countries Sarajevo has been in - Statistics

General Stats
  • This quiz has been taken 508 times
  • The average score is 5 of 6
Answer Stats
Time Country % Correct
1945 - 1992 Federal People's Republic of Yugoslavia / Socialist Federal Republic of Yugoslavia
97%
1918 - 1941 Kingdom of Serbs, Croats and Slovenes / Kingdom of Yugoslavia
97%
1992 - Present Republic of Bosnia-Herzegovina / Bosnia-Herzegovina
97%
1878 - 1918 Austro-Hungarian Empire
91%
1461 - 1878 Ottoman Empire
88%
1941 - 1945 Independent State of Croatia
64%
No matching quizzes found
Score Distribution
Percent of People with Each Score
Percentile by Number Answered
Your Score History
You have not taken this quiz